[Event "World Rapid Women 2022"]
[Site "Almaty KAZ"]
[Date "2022.12.28"]
[Round "11.16"]
[White "Lagno, Kateryna"]
[Black "Nurmanova, Alua"]
[Result "0-1"]
[WhiteTitle "GM"]
[BlackTitle "WIM"]
[WhiteElo "2563"]
[BlackElo "2191"]
[WhiteFideId "14109336"]
[BlackFideId "13729390"]
[EventDate "2022.12.26"]

1. e4 c5 2. Nf3 d6 3. Bb5+ Bd7 4. Bxd7+ Nxd7 5. O-O Ngf6 6. Qe2 e6 7. c4 Be7 8.
b3 a6 9. d4 cxd4 10. Nxd4 Rc8 11. Bb2 Qb6 12. Nd2 O-O 13. Kh1 Rfe8 14. f4 Qa5
15. N2f3 Qh5 16. Rae1 Bd8 17. e5 dxe5 18. fxe5 Ng4 19. h3 Ba5 20. Nh2 Bxe1 21.
hxg4 Qxe5 22. Rxe1 Qxe2 23. Rxe2 Nc5 24. Nhf3 f6 25. g5 Kf7 26. gxf6 gxf6 27.
Nc2 Red8 28. Ne3 Nd3 29. Bc3 Nf4 30. Re1 Rc5 31. Kg1 h5 32. Kf1 Rcc8 33. Rd1
Rxd1+ 34. Nxd1 Rd8 35. Nf2 Rg8 36. Nh4 b5 37. c5 Nd5 38. Bd2 b4 39. Nf3 e5 40.
Ne4 Ke6 41. Nd6 Rg7 42. Ne4 Rc7 43. Bh6 Nc3 44. Nxc3 bxc3 45. Ne1 Rxc5 46. Nc2
f5 47. Be3 Rd5 48. Ke2 f4 49. Bc1 Kf5 50. b4 Kg4 51. a4 Kg3 52. Ne1 e4 53. Nc2
f3+ 54. gxf3 exf3+ 55. Ke3 Re5+ 56. Kd4 f2 57. Kxe5 f1=Q 58. Nd4 Qe1+ 59. Kd5 c2
60. b5 axb5 61. axb5 Kg4 62. Nb3 Qb4 63. Nd4 Qb1 0-1

[Event "World Rapid Women 2022"]
[Site "Almaty KAZ"]
[Date "2022.12.28"]
[Round "11.17"]
[White "Khademalsharieh, Sarasadat"]
[Black "Padmini, Rout"]
[Result "1/2-1/2"]
[WhiteTitle "IM"]
[BlackTitle "IM"]
[WhiteElo "2490"]
[BlackElo "2389"]
[WhiteFideId "12512214"]
[BlackFideId "5029295"]
[EventDate "2022.12.26"]

1. d4 Nf6 2. c4 g6 3. Nf3 Bg7 4. g3 O-O 5. Bg2 d5 6. cxd5 Nxd5 7. O-O Nb6 8. Nc3
Nc6 9. e3 e5 10. d5 Ne7 11. e4 Bd7 12. Qe2 Nec8 13. Bg5 f6 14. Be3 Nd6 15. Bc5
Na4 16. Nxa4 Bxa4 17. Rfe1 Rf7 18. Rac1 c6 19. Bh3 cxd5 20. Be6 Nxe4 21. Ba3 Bf8
22. Qd3 Bxa3 23. Bxd5 Bxb2 24. Rb1 Nc3 25. Bxf7+ Kxf7 26. Qc4+ Qd5 27. Qxd5+
Nxd5 28. Rxb2 Bc6 29. Nd2 Nb6 30. Nb3 Nc4 31. Rc2 b5 32. Nd2 Bd5 33. Nxc4 bxc4
34. Re3 Rb8 35. f3 g5 36. Ra3 Rb7 37. Rd2 Be6 38. Rd6 c3 39. Rxc3 Bxa2 40. Rcc6
Rb1+ 41. Kf2 Rb2+ 42. Ke1 Rxh2 43. Rxf6+ Ke7 44. Rf5 g4 45. fxg4 Rg2 46. Rxe5+
Kd7 47. Ra6 Bb1 48. Rxa7+ Kd6 49. Re3 Bg6 50. Ra5 Rb2 51. Kf1 Rb4 52. g5 Rb2 53.
Rf3 Ke7 54. Rf6 Rb7 55. Kf2 Rb2+ 56. Kf3 Rb3+ 57. Kg4 Rb4+ 58. Kh3 Rb7 59. Raa6
Bf7 60. Rh6 Kf8 61. Rxh7 Be6+ 62. Rxe6 Rxh7+ 63. Kg4 Ra7 64. Rb6 Kg7 65. Kh5 Rc7
66. Rg6+ Kh7 67. Re6 Ra7 68. g4 Kg7 69. Rg6+ Kh7 70. Re6 Kg7 71. Kh4 Ra1 72. g6
Ra5 73. Rb6 Rc5 74. g5 Rc1 75. Kh5 1/2-1/2

[Event "World Rapid Women 2022"]
[Site "Almaty KAZ"]
[Date "2022.12.28"]
[Round "11.18"]
[White "Paehtz, Elisabeth"]
[Black "Mkrtchyan, Mariam"]
[Result "1-0"]
[WhiteTitle "GM"]
[BlackTitle "WIM"]
[WhiteElo "2464"]
[BlackElo "2364"]
[WhiteFideId "4641833"]
[BlackFideId "13310828"]
[EventDate "2022.12.26"]

1. d4 d5 2. Bf4 c6 3. e3 Bf5 4. c4 e6 5. Nc3 Bd6 6. Bg3 Bxg3 7. hxg3 Nd7 8. g4
Bg6 9. Nh3 Ne7 10. Nf4 a6 11. Qb3 Rb8 12. cxd5 exd5 13. Qa3 Nf6 14. g5 Ne4 15.
Nxg6 Nxg6 16. Nxe4 dxe4 17. Qc5 Qe7 18. Rc1 Rd8 19. Bc4 Qxc5 20. dxc5 h6 21.
gxh6 Rxh6 22. Rxh6 gxh6 23. Ke2 Kf8 24. Bb3 f5 25. f4 exf3+ 26. gxf3 Kg7 27. f4
h5 28. Rg1 Kf6 29. Bc2 a5 30. Rg5 Rd5 31. Rxh5 Rxc5 32. Bb3 Rc1 33. Rh7 Ne7 34.
Rf7+ 1-0

[Event "World Rapid Women 2022"]
[Site "Almaty KAZ"]
[Date "2022.12.28"]
[Round "11.19"]
[White "Tokhirjonova, Gulrukhbegim"]
[Black "Buksa, Nataliya"]
[Result "0-1"]
[WhiteTitle "WGM"]
[BlackTitle "IM"]
[WhiteElo "2328"]
[BlackElo "2405"]
[WhiteFideId "14203626"]
[BlackFideId "14123622"]
[EventDate "2022.12.26"]

1. e4 c5 2. Nc3 Nc6 3. Nf3 e5 4. Bc4 Be7 5. d3 d6 6. O-O Nf6 7. Ng5 O-O 8. f4
Bg4 9. Qd2 exf4 10. Qxf4 Ne5 11. Bb3 h6 12. Nf3 Nxf3+ 13. gxf3 Bh3 14. Qg3 Bxf1
15. Kxf1 Kh7 16. Be3 Ne8 17. Ke2 Nc7 18. Rg1 Bf6 19. f4 Qe7 20. Kd1 b5 21. Bd5
b4 22. e5 bxc3 23. exf6 Qxf6 24. Bxa8 cxb2 25. Be4+ Kh8 26. Ke2 Rb8 27. Qg4 d5
28. Bf3 Nb5 29. Kf2 Nc3 30. Bxc5 b1=Q 31. Rxb1 Nxb1 32. Bxa7 Rd8 33. Bc5 Qc3 34.
Be7 Qxc2+ 35. Kg3 Rg8 36. Qf5 Nd2 37. Bg2 Qd1 38. Kf2 Qc2 39. Kg3 Qc1 40. Kf2
Qb2 41. Kg3 Qd4 0-1

[Event "World Rapid Women 2022"]
[Site "Almaty KAZ"]
[Date "2022.12.28"]
[Round "11.20"]
[White "Omonova, Umida"]
[Black "Fataliyeva, Ulviyya"]
[Result "1-0"]
[WhiteTitle "WFM"]
[BlackTitle "IM"]
[WhiteElo "2052"]
[BlackElo "2428"]
[WhiteFideId "14210363"]
[BlackFideId "13403052"]
[EventDate "2022.12.26"]

1. e4 e6 2. d4 d5 3. Nd2 a6 4. Ngf3 Nf6 5. Bd3 c5 6. dxc5 dxe4 7. Nxe4 Nxe4 8.
Bxe4 Qxd1+ 9. Kxd1 Bxc5 10. Ke2 Nd7 11. Rd1 h6 12. b3 Nf6 13. Bd3 b5 14. Bb2 Bb7
15. c4 b4 16. a3 a5 17. axb4 Bxb4 18. Nd4 Ke7 19. f3 Nd7 20. Nc2 Nc5 21. Nxb4
axb4 22. Bc2 f6 23. Bd4 Nd7 24. Be3 Bc6 25. Bd2 Rab8 26. Ra7 Rhc8 27. Bf4 e5 28.
Bf5 Rd8 29. Be3 Ke8 30. Rc7 Rbc8 31. Bxd7+ Bxd7 32. Rdxd7 1-0

[Event "World Rapid Women 2022"]
[Site "Almaty KAZ"]
[Date "2022.12.28"]
[Round "11.21"]
[White "Voit, Daria"]
[Black "Kairbekova, Amina"]
[Result "0-1"]
[WhiteTitle "WGM"]
[BlackTitle "WIM"]
[WhiteElo "2347"]
[BlackElo "2209"]
[WhiteFideId "4182146"]
[BlackFideId "13712799"]
[EventDate "2022.12.26"]

1. d4 Nf6 2. c4 g6 3. g3 Bg7 4. Bg2 O-O 5. Nc3 d6 6. Nf3 c5 7. O-O Nc6 8. d5 Na5
9. Nd2 e6 10. Qc2 Re8 11. e4 exd5 12. cxd5 a6 13. a4 Bd7 14. Rb1 b5 15. axb5
axb5 16. b4 cxb4 17. Rxb4 Rc8 18. Bb2 Ng4 19. Ba1 Ne5 20. Rc1 Qb6 21. Bf1 Ng4
22. Nf3 Bxc3 23. Bxc3 Rxc3 24. Qxc3 Qxf2+ 25. Kh1 Rc8 26. Qe1 Qxf3+ 27. Bg2 Rxc1
28. Qxc1 Qe3 29. Qxe3 Nxe3 30. Kg1 Kg7 31. Bf3 Kf6 32. Kf2 Nc2 33. Rb2 Nd4 34.
Bd1 Nc4 35. Ra2 b4 36. Ra7 Bb5 37. Rb7 b3 0-1

[Event "World Rapid Women 2022"]
[Site "Almaty KAZ"]
[Date "2022.12.28"]
[Round "11.22"]
[White "Pourkashiyan, Atousa"]
[Black "Atalik, Ekaterina"]
[Result "1/2-1/2"]
[WhiteTitle "WGM"]
[BlackTitle "IM"]
[WhiteElo "2321"]
[BlackElo "2403"]
[WhiteFideId "12502014"]
[BlackFideId "4130189"]
[EventDate "2022.12.26"]

1. e4 e5 2. Nf3 Nc6 3. Bb5 Nf6 4. d3 d6 5. O-O h6 6. c3 a6 7. Ba4 g5 8. Bxc6+
bxc6 9. d4 exd4 10. cxd4 Bg7 11. Qc2 O-O 12. Qxc6 Rb8 13. Qc2 g4 14. Nfd2 Nh7
15. e5 dxe5 16. dxe5 Bxe5 17. Nc4 Bg7 18. Nc3 Be6 19. Ne3 Qc8 20. Ned5 Re8 21.
Bf4 c6 22. Bxb8 cxd5 23. Bf4 d4 24. Rac1 dxc3 25. bxc3 Qc4 26. Qd2 Qxa2 27. Bxh6
Qxd2 28. Bxd2 Nf6 29. c4 Ne4 30. Bb4 Rb8 31. Ba5 Nc5 32. Rb1 Rc8 33. Rfd1 Bf6
34. Rd6 Kg7 35. f3 gxf3 36. gxf3 Be5 37. Rd8 Rxd8 38. Bxd8 Bxc4 39. Rc1 Bd5 40.
Kg2 Nb3 41. Re1 Bf6 42. Bxf6+ Kxf6 43. Rd1 Be6 44. Rd6 a5 45. Ra6 Ke5 46. h4 Kf4
47. Kf2 Bc4 48. Rc6 Bd5 49. h5 Bxf3 50. Rf6+ Kg5 51. Rxf3 Nd4 52. Rxf7 Kxh5 53.
Ra7 Nf5 54. Rxa5 Kg4 55. Ra4+ Kg5 56. Kf3 Nh4+ 57. Ke4 Kg4 58. Ra8 Ng6 59. Ra1
Kg5 60. Rg1+ Kf6 61. Rg2 Ne5 62. Rf2+ Ke6 63. Ra2 Nc6 64. Ra8 Kd6 65. Kd3 Kc5
66. Kc3 Kd5 67. Rh8 Ne5 68. Rh5 Ke4 69. Rh4+ Kf5 70. Ra4 Kg5 71. Kd4 Kf4 72. Ra3
Nf3+ 73. Kd5 Ne5 74. Ke6 Nf3 75. Ra4+ Ke3 76. Kd5 Nd2 77. Ra3+ Ke2 78. Kd4 Nf3+
79. Ke4 Nd2+ 80. Kf4 Nc4 81. Rb3 Nd2 82. Rc3 Nf1 83. Ra3 Nd2 84. Re3+ Kd1 85.
Rc3 Ke2 86. Rh3 Nf1 87. Ke4 Nd2+ 88. Kd4 Nf3+ 89. Kc3 Ke3 90. Rh8 Ke4 91. Re8+
Ne5 92. Rd8 Nf3 93. Kc4 Ne5+ 94. Kc5 Nd3+ 95. Kd6 Kd4 96. Rf8 Ke4 97. Rf1 Kd4
98. Ke6 Nc5+ 99. Kf5 Nd3 100. Rd1 Ke3 101. Ra1 Kd4 102. Ra4+ Ke3 103. Re4+ Kd2
104. Re8 Kc3 105. Ke4 Kc4 106. Rc8+ Nc5+ 107. Ke5 Kb4 108. Kd5 Nb3 109. Rc4+ Ka3
110. Rh4 Kb2 111. Kc4 1/2-1/2

[Event "World Rapid Women 2022"]
[Site "Almaty KAZ"]
[Date "2022.12.28"]
[Round "11.23"]
[White "Kamalidenova, Meruert"]
[Black "Osmak, Yuliia"]
[Result "0-1"]
[WhiteTitle "WIM"]
[BlackTitle "IM"]
[WhiteElo "2377"]
[BlackElo "2451"]
[WhiteFideId "13712802"]
[BlackFideId "14101602"]
[EventDate "2022.12.26"]

1. e4 Nc6 2. d4 d5 3. e5 Bf5 4. c3 e6 5. Bb5 Ne7 6. Nf3 a6 7. Ba4 b5 8. Bc2 Bxc2
9. Qxc2 Nf5 10. O-O Be7 11. h3 O-O 12. g4 Nh4 13. Nxh4 Bxh4 14. f4 f5 15. g5 h6
16. Qg2 Kf7 17. Be3 hxg5 18. fxg5 Ne7 19. Nd2 Ng6 20. a4 Ke8 21. axb5 axb5 22.
Rxa8 Qxa8 23. Qe2 Qa4 24. b3 Qa5 25. c4 bxc4 26. bxc4 Rh8 27. Qf3 Qc3 28. cxd5
f4 29. Bxf4 Qxf3 30. Rxf3 Nxf4 31. Rxf4 Bxg5 32. Rg4 Bxd2 33. Rxg7 Be3+ 34. Kh1
exd5 35. Rxc7 Rxh3+ 36. Kg2 Rh4 37. e6 Rxd4 38. Kf3 Re4 39. Rd7 Re5 40. Ke2 d4
41. Kd3 Rxe6 42. Ra7 Re7 43. Ra5 Kf7 44. Rf5+ Ke6 45. Rf8 Kd5 46. Rd8+ Ke5 47.
Rg8 Rd7 48. Re8+ Kd5 49. Rg8 Bf4 50. Rf8 Be5 51. Ra8 Rc7 52. Rd8+ Bd6 53. Kd2
Rh7 54. Kd3 Rh3+ 55. Kd2 Ke5 56. Re8+ Kf4 57. Rd8 Be5 58. Rg8 Ke4 59. Rg4+ Bf4+
60. Kc2 d3+ 61. Kc3 d2+ 62. Kc2 Rh1 0-1

[Event "World Rapid Women 2022"]
[Site "Almaty KAZ"]
[Date "2022.12.28"]
[Round "11.24"]
[White "Schulze, Lara"]
[Black "Tania, Sachdev"]
[Result "1/2-1/2"]
[WhiteTitle "FM"]
[BlackTitle "IM"]
[WhiteElo "2284"]
[BlackElo "2389"]
[WhiteFideId "12956830"]
[BlackFideId "5007844"]
[EventDate "2022.12.26"]

1. e4 e5 2. Nf3 Nc6 3. Bc4 Nf6 4. d3 h6 5. c3 d6 6. O-O g5 7. a4 Qe7 8. Nbd2 Be6
9. a5 a6 10. b4 Bg7 11. Qb3 Nh5 12. b5 axb5 13. Qxb5 O-O 14. a6 Rfb8 15. Ra3 Bd7
16. axb7 Rxa3 17. Bxa3 Nd8 18. Qa5 Rxb7 19. Rb1 Rxb1+ 20. Nxb1 c5 21. Nbd2 Kh7
22. Nf1 Nf4 23. Ne3 Nc6 24. Qc7 Ne2+ 25. Kf1 Nxc3 26. Bb2 Na4 27. Bc1 Be8 28.
Qc8 Nb6 29. Qh3 Kg8 30. Nf5 Qf6 31. Bb5 Bd7 32. g4 Bxf5 33. gxf5 Na7 34. Bc4
Nxc4 35. dxc4 Nc6 36. Qg4 Qe7 37. h4 f6 38. hxg5 hxg5 39. Qh5 Qf7 40. Qxf7+ Kxf7
41. Ke2 Bf8 42. Kd3 Be7 43. Ne1 Bd8 44. Nc2 Ba5 45. Ne3 Nd4 46. Bb2 Nc6 47. Bc1
Kg7 48. Ng4 Nb4+ 49. Ke2 Nc6 50. Kd3 Nd8 51. Ne3 Nf7 52. Ng4 Bd8 53. Bd2 Be7 54.
Ba5 Bd8 55. Bd2 Nh6 56. Ne3 Kf7 57. Kc2 Ng8 58. Ng4 Ne7 59. Kd3 Nc6 60. Be1 Ba5
61. Bxa5 Nxa5 62. Kc3 Nc6 63. Nh6+ Kg7 64. Ng4 Nd4 65. Kd3 Nf3 66. Ke3 Ne1 67.
Ke2 Ng2 68. Kd3 Nf4+ 69. Kc3 Nh5 70. Kb3 Kf7 71. Ka4 Ke7 72. Kb5 Nf4 73. Ne3 Ne2
74. Nd5+ Kf7 75. Kc6 Nf4 76. Kxd6 Nd3 77. f3 Ne1 78. Kxc5 Nxf3 79. Ne3 Nd2 80.
Kd5 Nb1 81. c5 Nc3+ 82. Kc6 Nxe4 83. Kb6 Ke7 84. c6 Kd8 85. Nd5 g4 86. Kb7 Nd6+
87. Kb8 g3 88. c7+ Kd7 89. Nxf6+ Kc6 90. Ne4 g2 91. Nxd6 Kxd6 92. c8=Q g1=Q 93.
Qe6+ Kc5 94. Qxe5+ Kc4 95. f6 Qb6+ 96. Kc8 Qa6+ 97. Kd8 Qa8+ 98. Kd7 Qa4+ 99.
Ke6 Qe8+ 100. Kf5 Qh5+ 101. Kf4 Qh2+ 102. Kf5 Qh5+ 103. Ke6 Qe8+ 104. Kf5 Qh5+
105. Ke6 Qe8+ 106. Kf5 1/2-1/2

[Event "World Rapid Women 2022"]
[Site "Almaty KAZ"]
[Date "2022.12.28"]
[Round "11.25"]
[White "Mkrtchian, Lilit"]
[Black "Lu, Miaoyi"]
[Result "1-0"]
[WhiteTitle "IM"]
[WhiteElo "2377"]
[BlackElo "2399"]
[WhiteFideId "13300601"]
[BlackFideId "8618020"]
[EventDate "2022.12.26"]

1. Nf3 d5 2. g3 Nc6 3. d4 Bf5 4. Bg2 e6 5. O-O h5 6. h4 Be7 7. c4 Nf6 8. Nc3
dxc4 9. Qa4 Nd7 10. Qxc4 Nb6 11. Qb3 a5 12. e4 Bg4 13. d5 Bxf3 14. Bxf3 Nd4 15.
Qd1 e5 16. Be3 Nxf3+ 17. Qxf3 Nc4 18. Nb5 c6 19. Nc3 Nxe3 20. Qxe3 Rh6 21. dxc6
bxc6 22. Rfd1 Qc8 23. Qf3 Qh3 24. Qf5 Qxf5 25. exf5 Rf6 26. Ne4 Rxf5 27. Rac1
Rc8 28. Kg2 Rc7 29. Rd6 c5 30. Ra6 Rb7 31. b3 Rb5 32. Ra8+ Kd7 33. Rd1+ Kc6 34.
Rc8+ Kb6 35. Re8 Rb4 36. f3 Bxh4 37. gxh4 Rd4 38. Rxd4 exd4 39. Nd6 Rd5 40. Nc4+
Ka6 41. Kf2 g5 42. hxg5 Rxg5 43. Rh8 Kb5 44. Rb8+ Ka6 45. Rb6+ Ka7 46. Rf6 Rg7
47. Rf5 Rh7 48. Rxc5 h4 49. Rxa5+ Kb7 50. Kg2 Rg7+ 51. Kh2 Rg3 52. Rf5 Kc6 53.
Rxf7 Kc5 54. Rc7+ Kd5 55. Rd7+ Kc5 56. Ne5 1-0

[Event "World Rapid Women 2022"]
[Site "Almaty KAZ"]
[Date "2022.12.28"]
[Round "11.26"]
[White "Ovod, Evgenija"]
[Black "Yao, Lan"]
[Result "1-0"]
[WhiteTitle "IM"]
[BlackTitle "WIM"]
[WhiteElo "2323"]
[BlackElo "2271"]
[WhiteFideId "4131827"]
[BlackFideId "8610835"]
[EventDate "2022.12.26"]

1. e4 c5 2. Nf3 e6 3. c3 Nf6 4. e5 Nd5 5. d4 cxd4 6. cxd4 b6 7. Bc4 Ba6 8. Nbd2
Qc8 9. b3 Nf4 10. O-O b5 11. Be2 Be7 12. Bb2 O-O 13. Rc1 Qd8 14. Re1 Nxe2+ 15.
Rxe2 d5 16. exd6 Bxd6 17. Ne5 Bb7 18. Ne4 Be7 19. Nc5 Bd5 20. Rc3 g6 21. Bc1 Bf6
22. Bh6 Bg7 23. Qd2 f6 24. Bxg7 Kxg7 25. Ng4 Qe7 26. Qh6+ Kg8 27. Rce3 Qg7 28.
Qxg7+ Kxg7 29. Nxe6+ Bxe6 30. Rxe6 Rf7 31. Re8 h5 32. Ne3 a5 33. Rc2 a4 34. b4
Rb7 35. Rcc8 a3 36. d5 Ra4 37. Rxb8 Rxb8 38. Rxb8 Rxb4 39. g3 Kf7 40. Rb7+ Ke8
41. Nc2 Rb2 42. Nxa3 b4 43. Nc4 Rxa2 44. Rxb4 Ra1+ 45. Kg2 Rd1 46. Ne3 Rd2 47.
Rb7 Kf8 48. h4 Kg8 49. Kf3 Kf8 50. Rc7 g5 51. hxg5 fxg5 52. Rh7 h4 53. gxh4 gxh4
54. Rxh4 Ke7 55. Rd4 Ra2 56. d6+ Kd7 57. Nc4 Kd8 58. d7 Ra4 59. Ne5 Ra3+ 60. Ke4 1-0

[Event "World Rapid Women 2022"]
[Site "Almaty KAZ"]
[Date "2022.12.28"]
[Round "11.27"]
[White "Hajiyeva, Laman"]
[Black "Kurmangaliyeva, Liya"]
[Result "1-0"]
[WhiteTitle "WFM"]
[BlackTitle "FM"]
[WhiteElo "2135"]
[BlackElo "2287"]
[WhiteFideId "13415875"]
[BlackFideId "13725831"]
[EventDate "2022.12.26"]

1. e4 c5 2. c3 d5 3. exd5 Nf6 4. Qa4+ Nbd7 5. Qb3 g6 6. Nf3 Bg7 7. Be2 O-O 8.
O-O Nb6 9. c4 e6 10. dxe6 Bxe6 11. a4 Nh5 12. d3 Re8 13. a5 Nc8 14. Qc2 Nd6 15.
Ng5 Nf6 16. Nxe6 Rxe6 17. Be3 Rc8 18. Bf3 Nf5 19. Nc3 Rxe3 20. fxe3 Nxe3 21. Qe2
Nxf1 22. Qxf1 Qd4+ 23. Kh1 Rd8 24. Nd5 h5 25. a6 Nxd5 26. Bxd5 Rxd5 27. cxd5
Qxd5 28. Qf3 Qxf3 29. gxf3 bxa6 30. Ra2 Be5 31. b3 Bc7 32. Rxa6 Bb6 33. Kg2 Kg7
34. f4 Kf6 35. Kf3 Kf5 36. Ra4 f6 37. Re4 g5 38. fxg5 fxg5 39. h3 Bc7 40. Re7
g4+ 41. Kg2 Bb6 42. Rh7 gxh3+ 43. Kxh3 Kf4 44. Re7 Kg5 45. Re5+ Kf4 46. Re4+ Kg5
47. Re8 Bc7 48. Rc8 Bb6 49. Kg3 h4+ 50. Kh3 Kf4 51. Re8 Kg5 52. Re5+ Kf4 53.
Re4+ Kf3 54. Kxh4 Ba5 55. Kg5 Bc3 56. Kf5 a5 57. Ke6 Bb4 58. Kd5 Ba3 59. Kc4 Bb4
60. Kb5 1-0

[Event "World Rapid Women 2022"]
[Site "Almaty KAZ"]
[Date "2022.12.28"]
[Round "11.28"]
[White "Borisova, Ekaterina"]
[Black "Javakhishvili, Lela"]
[Result "0-1"]
[WhiteTitle "FM"]
[BlackTitle "IM"]
[WhiteElo "2223"]
[BlackElo "2440"]
[WhiteFideId "34124184"]
[BlackFideId "13601458"]
[EventDate "2022.12.26"]

1. d4 Nf6 2. c4 e6 3. g3 d5 4. Bg2 h6 5. Nf3 Bd6 6. O-O O-O 7. b3 b6 8. Nc3 Bb7
9. cxd5 Nxd5 10. Nb5 Bb4 11. a3 Be7 12. e4 Nf6 13. Bf4 Na6 14. e5 Nd5 15. Bd2 c6
16. Nc3 c5 17. Ne4 Rc8 18. Rc1 Ndc7 19. Qe2 cxd4 20. b4 d3 21. Qe3 Nd5 22. Qxd3
Nf4 23. Qxd8 Ne2+ 24. Kh1 Rcxd8 25. Rce1 Bxe4 26. Rxe2 Bd3 27. Rfe1 Bxe2 28.
Rxe2 Rd3 29. Re3 Rfd8 30. Bf1 Rxe3 31. Bxe3 Rd1 32. Kg2 Nc7 33. Bd4 Nd5 34. Be2
Rc1 35. Ba6 Rc2 36. Bb7 Ra2 37. Ne1 Rxa3 38. Nc2 Ra2 39. Bxd5 Rxc2 40. Bb3 Rd2
41. Be3 Rb2 0-1

[Event "World Rapid Women 2022"]
[Site "Almaty KAZ"]
[Date "2022.12.28"]
[Round "11.29"]
[White "Beydullayeva, Govhar"]
[Black "Nurgali, Nazerke"]
[Result "1-0"]
[WhiteTitle "WGM"]
[BlackTitle "WIM"]
[WhiteElo "2387"]
[BlackElo "2168"]
[WhiteFideId "13413015"]
[BlackFideId "13711261"]
[EventDate "2022.12.26"]

1. d4 d5 2. c4 e6 3. Nf3 Nf6 4. Nc3 dxc4 5. e4 c5 6. Bxc4 cxd4 7. Qxd4 Qxd4 8.
Nxd4 Bb4 9. Nb5 Na6 10. a3 Be7 11. Bf4 O-O 12. O-O-O Ng4 13. Bg3 Bc5 14. Rd2 Bb6
15. Rhd1 h5 16. Na4 Nf6 17. Nxb6 axb6 18. f3 e5 19. Bxe5 Be6 20. Bxe6 fxe6 21.
b4 h4 22. h3 Nb8 23. Nc7 Rxa3 24. Nxe6 Re8 25. Bb2 Rb3 26. Nc7 Rf8 27. Rd8 Nc6
28. Rxf8+ Kxf8 29. e5 Ne8 30. Nd5 Ne7 31. Kc2 1-0

[Event "World Rapid Women 2022"]
[Site "Almaty KAZ"]
[Date "2022.12.28"]
[Round "11.30"]
[White "Khamdamova, Afruza"]
[Black "Muminova, Nafisa"]
[Result "1-0"]
[WhiteTitle "WFM"]
[BlackTitle "WGM"]
[WhiteElo "2139"]
[BlackElo "2274"]
[WhiteFideId "14210444"]
[BlackFideId "14201526"]
[EventDate "2022.12.26"]

1. e4 e6 2. d4 d5 3. Nd2 h6 4. Ngf3 Nf6 5. Bd3 c5 6. e5 Nfd7 7. c3 Nc6 8. O-O g5
9. h3 h5 10. dxc5 g4 11. Nd4 Ncxe5 12. Bb5 Bxc5 13. N2b3 Bd6 14. f4 gxf3 15.
Nxf3 Qb6+ 16. Nbd4 a6 17. Ba4 Bc7 18. Kh1 Ng6 19. Qe2 Qd6 20. Nf5 Qf8 21. Ng5
Be5 22. Nd4 f6 23. Ngxe6 Qd6 24. Nf5 Qb6 25. Be3 Qa5 26. Bc2 Ndf8 27. b4 Qa3 28.
Nxf8 Nxf8 29. Bd4 Ng6 30. Nd6+ Kd7 31. Nxc8 Nf4 32. Nb6+ Kd6 33. Qd2 Ne6 34.
Bxe5+ fxe5 35. Nc4+ 1-0

[Event "World Rapid Women 2022"]
[Site "Almaty KAZ"]
[Date "2022.12.28"]
[Round "11.31"]
[White "Nasybullina, Alfia"]
[Black "Badelka, Olga"]
[Result "0-1"]
[WhiteTitle "WIM"]
[BlackTitle "IM"]
[WhiteElo "2027"]
[BlackElo "2416"]
[WhiteFideId "4132416"]
[BlackFideId "13509926"]
[EventDate "2022.12.26"]

1. Nf3 Nf6 2. g3 d5 3. Bg2 g6 4. O-O Bg7 5. d3 c5 6. Nbd2 Nc6 7. e4 O-O 8. c3
dxe4 9. dxe4 Qc7 10. Qc2 b6 11. Nc4 Ba6 12. Bf4 Qb7 13. b3 Rad8 14. Rfd1 Qc8 15.
h3 Rxd1+ 16. Rxd1 Rd8 17. Rxd8+ Qxd8 18. g4 h5 19. g5 Ne8 20. e5 Nc7 21. Nfd2
Nd5 22. e6 Nxf4 23. exf7+ Kxf7 24. Bxc6 Nxh3+ 25. Kf1 Nxg5 26. Ne4 Nxe4 27. Bxe4
Qd6 28. Qe2 Qf6 29. Bd5+ Kf8 30. Be6 Bb7 31. Qe3 Qf3 32. Qxf3+ Bxf3 33. Nd2 Bc6
34. c4 Bc3 35. Nb1 Bb2 36. Ke2 Kg7 37. Nd2 Kf6 38. Bh3 g5 39. f3 Ke5 40. Bg2 Kf4
41. Ne4 g4 0-1

[Event "World Rapid Women 2022"]
[Site "Almaty KAZ"]
[Date "2022.12.28"]
[Round "11.32"]
[White "Eric, Jovana"]
[Black "Balabayeva, Xeniya"]
[Result "1-0"]
[WhiteTitle "WGM"]
[BlackTitle "WIM"]
[WhiteElo "2236"]
[BlackElo "2183"]
[WhiteFideId "938238"]
[BlackFideId "13719688"]
[EventDate "2022.12.26"]

1. e4 c5 2. Nf3 e6 3. d4 cxd4 4. Nxd4 Nf6 5. Nc3 Nc6 6. Be2 d6 7. O-O Be7 8. Be3
e5 9. Nb3 O-O 10. Kh1 Be6 11. f4 exf4 12. Bxf4 Ne5 13. Nd4 Rc8 14. Qe1 Ng6 15.
Be3 a6 16. Rd1 b5 17. a3 Qc7 18. Qg3 Rfd8 19. Nf5 d5 20. Qxc7 Rxc7 21. Bb6 Rcd7
22. Nxe7+ Nxe7 23. Bxd8 Rxd8 24. exd5 Nfxd5 25. Nxd5 Nxd5 26. Bf3 Rd7 27. Rd3
Nb6 28. Rfd1 Kf8 29. Rxd7 Nxd7 30. Rd6 a5 31. Ra6 a4 32. Bc6 Ke7 33. Bxb5 Nc5
34. Ra7+ Kd6 35. Bxa4 g5 36. b4 Ne4 37. Bb3 Bd7 38. Bxf7 Nc3 39. Bb3 h5 40. a4
h4 41. b5 g4 42. b6 Bc6 43. Kg1 1-0

[Event "World Rapid Women 2022"]
[Site "Almaty KAZ"]
[Date "2022.12.28"]
[Round "11.33"]
[White "Gvetadze, Sofio"]
[Black "Kaldarova, Ayaulym"]
[Result "0-1"]
[WhiteTitle "IM"]
[WhiteElo "2298"]
[BlackElo "1832"]
[WhiteFideId "13601440"]
[BlackFideId "13720503"]
[EventDate "2022.12.26"]

1. Nf3 d6 2. g3 e5 3. Bg2 g6 4. O-O Bg7 5. c4 c6 6. Nc3 f5 7. d4 e4 8. Ne1 Nf6
9. f3 exf3 10. exf3 O-O 11. Be3 Kh8 12. Qd2 d5 13. c5 b6 14. Nd3 Nbd7 15. cxb6
axb6 16. Bh6 Bb7 17. Bxg7+ Kxg7 18. Nf4 Re8 19. Rfe1 Nf8 20. b4 Qd6 21. Nd3 Ne6
22. Ne2 Ba6 23. Rec1 Rec8 24. Ndf4 Nd8 25. a4 Bc4 26. a5 bxa5 27. bxa5 Ra6 28.
Nc3 Rca8 29. Bf1 Bxf1 30. Rxf1 c5 31. Nb5 Qd7 32. Rfb1 c4 33. Qe1 g5 34. Nh3 Kg6
35. Qd2 h6 36. Nf2 Nc6 37. h4 Nxa5 38. Qe3 Nb3 39. Rxa6 Rxa6 40. Nc3 Re6 41.
Nce4 dxe4 42. hxg5 hxg5 43. Rd1 Nd5 44. Qe1 exf3 45. Qf1 Ne3 46. Qh3 Nxd1 47. g4
Re1+ 48. Kh2 Qd6+ 0-1

[Event "World Rapid Women 2022"]
[Site "Almaty KAZ"]
[Date "2022.12.28"]
[Round "11.34"]
[White "Enkhtuul, Altan-Ulzii"]
[Black "Shukhman, Anna"]
[Result "0-1"]
[WhiteTitle "WGM"]
[BlackTitle "WFM"]
[WhiteElo "2285"]
[BlackElo "2161"]
[WhiteFideId "4901444"]
[BlackFideId "54180058"]
[EventDate "2022.12.26"]

1. d4 f5 2. Bg5 g6 3. Nc3 Bg7 4. e4 fxe4 5. Nxe4 d5 6. Nc3 Nf6 7. Qd2 Nc6 8. f3
Bf5 9. g4 Be6 10. Be3 Bf7 11. h4 e5 12. dxe5 Nxe5 13. O-O-O O-O 14. h5 Nc4 15.
Bxc4 dxc4 16. Qf2 Qc8 17. Nge2 c6 18. hxg6 Bxg6 19. Nf4 Qe8 20. Rde1 Qf7 21.
Nxg6 Qxg6 22. Qe2 b5 23. Bc5 Rfe8 24. Qh2 Qg5+ 25. f4 Rxe1+ 26. Rxe1 Qxc5 27. g5
Nd5 28. Ne4 Bxb2+ 29. Kxb2 Qb4+ 30. Ka1 Qxe1+ 31. Kb2 c3+ 32. Nxc3 Qxc3+ 33. Kc1
Re8 0-1